01595nam a2200349 4500003000900000005001700009008004100026017001300067020001500080040004600095041000800141082002700149092000700176099003500183100004600218245016400264250003000428264006400458300002700522336002200549337002400571338003300595504010800628546010200736650005400838700005700892856005700949905001701006942001901023999001701042952018601059EG-GICUC20260121101146.0251105s1996 ua ||||fr|||| 00| 0 ara d a19964155 a9771905333 a EG-GICUCbarac EG-GICUCd EG-GICUCerda0 aara04221a341.83bا ح . د04221 aLaw1 12 341.83 ا ح . د 19960 aاحمد زين عيدروسeمؤلف.10aدخول واقامة الاجانب في تشريع الجمهورية اليمنية/cاحمد زين عيدروس،عبد الحكيم محسن عطروش. aالطبعة الاولى 1aدون مكان نشر:bمطبعة الموسكي،c1996. a63 ؛صفحةc24 سم 2rda contentatext 2rda mediaaComputer 2rda carrieraOnline Resource aيحتوي على ارجاعات ببليوجرافية يحتوي على قائمة بالمراجع aالنص أغلبه باللغة العربية مع بعض النصوص الإنجليزية1 aالأجانبxقانون دوليzاليمن0 aعبد الحكيم محسن عطروشeمؤلف.40uhttps://fll.law.cu.edu.eg/fulltext/bks/B12-00748.pdf aRawan khaled 2ddcn0cBKe21 c41089d41089 00102ddc40718القانون الدولي الخاصaCUbLAW1d2025-11-05l0oLaw1 12 341.83 ا ح . د 1 ed - 1996 1200748 C1pB12-00748r2025-11-05 12:34:00t1w2025-11-05yBK